00659nam a2200241 a 4500001001300000003000900013005001700022008004100039020001000080082001600090100001600106245004400122260003500166300000800201500003500209505001000244650002200254700001600276902000800292942000700300952009500307999001500402nice12345678IN_TiNIC20260116011547.0050524s1915 lona grp 000 0 eng  ac10000a269.2bZWE9 aZwemer, S M aVital Process of Christianity and Islam aLondonbHumphery Milfordc1915 a250 aincludes index and biblioraphy2 aIndex aEvangelistic Work1 aZwemer, S M bSRS cBK 00104070aHMIbHMId2007-07-16g100.00l0o269.2 ZWE9p638r2007-07-16w2026-01-16yARB c2614d2614